| 000 | 00481nam a2200193Ia 4500 | ||
|---|---|---|---|
| 005 | 20250522104341.0 | ||
| 008 | 008 250516s9999 xx 000 0 eng d | ||
| 020 | _a9781526656728 | ||
| 040 |
_aSDCL _beng _cSDCL |
||
| 041 |
_aeng _2eng |
||
| 084 |
_aO-,3MAA, R2 LR _qSDCL |
||
| 100 | _aMaas, Sarah J. | ||
| 245 | 0 | _aCourt of Silver Flames | |
| 260 |
_aNew Delhi: _bBloomsbury, _c2022. |
||
| 300 | _a757p. | ||
| 365 |
_aINR _b699 |
||
| 650 | _aReference | ||
| 942 | _cTEXL | ||
| 999 |
_c1430033 _d1430033 |
||